Quick Pick: Judi Dench Movies Quiz Stats

 Plays Quiz Updated Feb 8, 2018

Score 0/10 Timer 01:00
0 Plays Today
% Correct
Casino
98.2%
Die
97.7%
Room
97.6%
Earnest
96.7%
Wife
96.3%
Week
95.7%
Exotic
95.5%
Notes
95.5%
Tea
94.8%
Shipping
91.9%

Today's Daily Dose

Missing Word
Arizona A-Z

Word Ladder
Greek Letters II

Get the Picture
US National Parks

You're not logged in!

Compare scores with friends on all Sporcle quizzes.
OR
Log In

You Might Also Like...

Show Comments

Extras

Top Quizzes Today


Score Distribution

Your Account Isn't Verified!

In order to create a playlist on Sporcle, you need to verify the email address you used during registration. Go to your Sporcle Settings to finish the process.

Report this User

Report this user for behavior that violates our Community Guidelines.

Details: